LEADER 00964nam0-22003371i-450- 001 990003762800403321 005 20001010 010 $a0-8039-1681-7 035 $a000376280 035 $aFED01000376280 035 $a(Aleph)000376280FED01 035 $a000376280 100 $a20001010d--------km-y0itay50------ba 101 0 $aita 105 $ay-------001yy 200 1 $aWoman-Battering$evictims and their experiences$fMildred Daley Pagelow$gforeword by Del Martin 210 $aBeverly Hills$cSAGE$dc1981 215 $a288 p.$ctab.$d21 cm 225 1 $aSage library of social research$v129 300 $aContiene bibl. 610 0 $aDONNE$aViolenze e maltrattamenti 676 $a362.83 700 1$aPagelow,$bMildred Daley$0142879 801 0$aIT$bUNINA$gRICA$2UNIMARC 901 $aBK 912 $a990003762800403321 952 $a362.83 PAG 1$b3286$fBFS 959 $aBFS 996 $aWoman-Battering$9510266 997 $aUNINA DB $aING01 LEADER 00864nam0-22003251i-450- 001 990001439780403321 010 $a0-7145-2970-2 035 $a000143978 035 $aFED01000143978 035 $a(Aleph)000143978FED01 035 $a000143978 100 $a20000920d1993----km-y0itay50------ba 101 0 $aeng 200 1 $aBefore the beginning$eCosmology explained$fGeorge F.R. Ellis 210 $aLondon [etc.]$cBoyars$cBowerdean$dc1993 215 $a152 p.$d22 cm 225 1 $aBriefings 610 0 $aAstronomia 610 0 $aAstrofisica 610 0 $aCosmologia 676 $a520$523 700 1$aEllis,$bGeorge F.R.$045649 801 0$aIT$bUNINA$gRICA$2UNIMARC 901 $aBK 912 $a990001439780403321 952 $a19-363$bD.S.F. 6467$fFI1 959 $aFI1 996 $aBefore the beginning$9374424 997 $aUNINA DB $aING01